<?xml version="1.0" encoding="UTF-8"?>
<marc:record xmlns:marc="http://www.loc.gov/MARC21/slim">
   <marc:leader>00000nam a2200000 a 4500</marc:leader>
   <marc:datafield ind1="1" ind2=" " tag="100">
      <marc:subfield code="a">MacCourt, Frank</marc:subfield>
      <marc:subfield code="4">aut</marc:subfield>
      <marc:subfield code="e">Verfasser/-in</marc:subfield>
   </marc:datafield>
   <marc:datafield ind1=" " ind2=" " tag="653">
      <marc:subfield code="a">Irland</marc:subfield>
   </marc:datafield>
   <marc:datafield ind1="0" ind2="0" tag="245">
      <marc:subfield code="a">Asche meiner Mutter, Die</marc:subfield>
   </marc:datafield>
   <marc:datafield ind1="0" ind2="0" tag="245">
      <marc:subfield code="b">Irische Erinnerungen</marc:subfield>
   </marc:datafield>
   <marc:datafield ind1=" " ind2="1" tag="264">
      <marc:subfield code="b">Luchterhand</marc:subfield>
      <marc:subfield code="c">1996</marc:subfield>
   </marc:datafield>
   <marc:datafield ind1="1" ind2=" " tag="520">
      <marc:subfield code="a">Ein autobiographischer Roman: McCourt wurde  1930 in New York geboren, kam, als er vier  Jahre alt war, nach Irland u. wuchs dort auf,  bis er mit 19 Jahren genügend Geld gespart  hatte, um nach Amerika zurückzukehren..  "Schlimmer als die normale unglückliche  Kindheit ist die unglückliche irische  Kindheit, und noch schlimmer ist die  unglückliche irische katholische Kindheit..</marc:subfield>
   </marc:datafield>
</marc:record>
